000 00637nam a2200229Ia 4500
003 OSt
005 20221007074218.0
006 a|||||r|||| 00| 0
007 ta
008 221006b |||||||| |||| 00| 0 eng d
024 _a26,812
037 _cTextual
040 _aFLL
_cFLL
_beng
041 _2eng
_aeng
082 _aX:9:Z73y7, K8
100 _aSummers Clyde W.
_9692702
245 0 _aCases and materials on labor law
260 _aMineola
_bThe Foundation Press, Inc. New York
_c1968
300 _axxxviii,1-1229p
_ccm.
942 _hX:9:Z73y7, K8
_cTEXL
_2CC
999 _c1151548
_d1151548